000 00686nam a2200241 i 4500
001 C2-0261212
003 PPAK
005 20180727230734.0
008 041206s1990 my a|||| ||||| | may d
040 _aPPAK
_beng
_cPPAK
_erda
082 0 4 _a615.822
_223
090 0 0 _a615.822
_bKES
_dKAA
245 0 0 _aKesembuhan melalui picit refleksi
264 1 _aKuala Lumpur :
_bPustaka Syuhada ,
_c1990
300 _a62 pages :
_bcolour illustrations ;
_c21 cm
336 _2rdacontent
_atext
337 _2rdamedia
_aunmediated
338 _2rdacarrier
_avolume
650 1 0 _aReflexotheraphy
700 1 _aS., Mark,
_ecompile
700 0 _aRedaksi Syuhada,
_etranslator.
942 _ddc
_cB
999 _c71921
_d71921